Электромагнитный привод оживления поршневой пары; Неразрушающий контроль: электронное приборостроение, технологии, безопасность; Т. 2

Detalles Bibliográficos
Parent link:Неразрушающий контроль: электронное приборостроение, технологии, безопасность: сборник трудов III Всероссийской научно-практической конференции студентов, аспирантов и молодых учёных, Томск, 27-31 мая 2013 г./ Национальный исследовательский Томский политехнический университет (ТПУ).— , 2013
Т. 2.— 2013.— [С. 39-42]
Autor principal: Семенов М. Ю.
Autor Corporativo: Национальный исследовательский Томский политехнический университет
Otros Autores: Мартемьянов В. М. Владимир Михайлович (научный руководитель)
Sumario:Заглавие с титульного экрана
Lenguaje:ruso
Publicado: 2013
Colección:Современные системы и технологии в неразрушающем контроле
Materias:
Acceso en línea:http://www.lib.tpu.ru/fulltext/c/2013/C36/V2/010.pdf
Formato: Electrónico Capítulo de libro
KOHA link:https://koha.lib.tpu.ru/cgi-bin/koha/opac-detail.pl?biblionumber=603372

MARC

LEADER 00000naa2a2200000 4500
001 603372
005 20260304161808.0
035 |a (RuTPU)RU\TPU\conf\556 
035 |a RU\TPU\conf\553 
090 |a 603372 
100 |a 20140114d2013 k y0rusy50 ca 
101 0 |a rus 
102 |a RU 
135 |a drnn ---uucaa 
181 0 |a i  
182 0 |a b 
200 1 |a Электромагнитный привод оживления поршневой пары  |f М. Ю. Семенов  |g науч. рук. В. М. Мартемьянов 
203 |a Текст  |c электронный 
225 1 |a Современные системы и технологии в неразрушающем контроле 
300 |a Заглавие с титульного экрана 
320 |a [Библиогр.: с. 42 (2 назв.)] 
337 |a Adobe Reader 
461 1 |0 (RuTPU)RU\TPU\conf\33  |t Неразрушающий контроль: электронное приборостроение, технологии, безопасность  |o сборник трудов III Всероссийской научно-практической конференции студентов, аспирантов и молодых учёных, Томск, 27-31 мая 2013 г.  |o в 2 т.  |f Национальный исследовательский Томский политехнический университет (ТПУ)  |d 2013 
463 1 |0 (RuTPU)RU\TPU\conf\35  |t Т. 2  |v [С. 39-42]  |d 2013 
610 1 |a труды учёных ТПУ 
610 1 |a электронный ресурс 
610 1 |a электромагнитные приводы 
610 1 |a поршневые пары 
610 1 |a манометры 
700 1 |a Семенов  |b М. Ю. 
702 1 |a Мартемьянов  |b В. М.  |c доцент Томского политехнического университета, кандидат технических наук  |c выпускник ТПИ 1971 г.  |c специалист в области точного приборостроения  |f 1949-  |g Владимир Михайлович  |4 727 
712 0 2 |a Национальный исследовательский Томский политехнический университет  |c (2009- )  |9 26305 
801 2 |a RU  |b 63413507  |c 20230522  |g RCR 
856 4 |u http://www.lib.tpu.ru/fulltext/c/2013/C36/V2/010.pdf 
942 |c BK